000 01465cam a2200349 a 4500
999 _c106
_d106
001 2470739
003 OSt
005 20190726093352.0
008 900501r19901960nyu 000 1 eng
010 _a 90037701
020 _a0486264432
020 _a9780486264431
040 _aDLC
_cDLC
_dDLC
041 0 _aengfre
082 0 0 _aFIC FRE
_220
245 0 0 _aFrench stories =
_bContes français : with translations, critical introductions, notes, and vocabulary by the editor /
_cedited by Wallace Fowlie.
250 _aDover ed.
260 _aNew York :
_bDover Publications,
_c1990.
300 _aix, 330 p. ;
_c22 cm.
500 _aReprint with revision. Originally published: New York : Bantam Books, 1960. (A Bantam dual-language book ; s1993)
650 0 _aFrench language
_vReaders.
650 0 _aShort stories, French
_vTranslations into English.
650 0 _aShort stories, French.
651 0 _aFrance
_xSocial life and customs
_vFiction.
700 1 _aFowlie, Wallace,
_d1908-1998.
740 0 _aContes français.
856 4 2 _3Publisher description
_uhttp://www.loc.gov/catdir/description/dover032/90037701.html
856 4 1 _3Table of contents only
_uhttp://www.loc.gov/catdir/enhancements/fy1318/90037701-t.html
906 _a7
_bcbc
_corignew
_d1
_eocip
_f19
_gy-gencatlg
942 _2ddc
_cFIC